Quizzes
Events
Quiz Creation
Community
Videos
Private Events
Remove Ads
Sign In
Join for FREE
Feedback
Dark Mode
Quiz Categories
Sports
Geography
Music
Movies
Television
Just For Fun
Miscellaneous
History
Literature
Language
Science
Gaming
Entertainment
Religion
Holiday
For Kids
Quiz Lab
Recent
Popular Today
Quiz Kudos Today
Editor Picks
Curator Picks
Quizzes by...
Day
Popularity
Type
Ratings
Length
Year
Community
Subscriptions
Recent Discussions
Orange Saloon
Badges
Playlists
Quests
Create
Leaderboards
Showdown
Live 5
Trivia Bingo
Activity
Puzzle Library
Sporcle Events
Private Events
Virtual Trivia
Globe League
Become a Host
Pub Owners
SporcleCon
Opinionation
Our Games
Videos
Blog
Mobile Apps
Partnerships
Remove Ads and Go Orange
Feedback
Movies
Disney
Marvel Cinematic Universe
Movie Resume
Movie Titles
Oscar
Actor
Actress
Director
Pixar
Role
Movie Quotes
Movie Characters
Box Office
Nominee
Best Picture
Star Wars
James Bond
Horror Movies
Movies
Disney
Marvel Cinematic Universe
Movie Resume
Movie Titles
Oscar
Actor
Actress
Director
Pixar
Role
Movie Quotes
Movie Characters
Box Office
Nominee
Best Picture
Star Wars
James Bond
Horror Movies
Random Quiz
Search Sporcle
×
Quiz Lab
Quiz Lab
Movies
Comic Books
Type in answers that appear in a list
Type in answers that appear in a list
Classic
Best Score? Go Orange.
Comic Book Movie Timeline Stats
Can you name the comic book based movies by the release dates in this timeline?
By
EFreak11
20m
93 Questions
174 Plays
174 Plays
174 Plays
Comments
Comments
Give Quiz Kudos
Give Quiz Kudos
-
- Ratings
hide this ad
Replay
Link that replays current quiz
Next Quiz
Link to next quiz in quiz playlist
You Got
0%
They Got
Avg Score
65%
Avg Friend Score
Upgrade to see
Score Distribution
Jump to the score distribution portion of the page
Score
0/93
Timer
20:00
0
Plays Today
Release Date
Movie
% Correct
July 30, 1966
Batman: The Movie
96.6%
June 23, 1989
Batman
96.6%
December 15, 1978
Superman
94.3%
June 19, 1981
Superman II
93.1%
June 17, 1983
Superman III
92%
December 14, 1990
Captain America
87.9%
July 22, 2011
Captain America: The First Avenger
87.9%
July 24, 1987
Superman IV: The Quest for Peace
86.8%
June 16, 1995
Batman Forever
85.6%
May 3, 2002
Spider-Man
85.6%
June 19, 1992
Batman Returns
85.1%
May 2, 2008
Iron Man
83.9%
May 6, 2011
Thor
83.9%
July 14, 2000
X-Men
83.3%
June 20, 1997
Batman & Robin
82.2%
May 2, 2003
X2: X-Men United
82.2%
July 18, 2008
The Dark Knight
82.2%
May 4, 2012
The Avengers
82.2%
May 26, 2006
X-Men: The Last Stand
81.6%
May 4, 2007
Spider-Man 3
81.6%
May 7, 2010
Iron Man 2
81.6%
June 15, 2005
Batman Begins
81%
November 8, 2013
Thor: The Dark World
81%
May 6, 2016
Captain America: Civil War
81%
March 25, 2016
Batman v Superman: Dawn of Justice
80.5%
June 30, 2004
Spider-Man 2
79.9%
July 3, 2012
The Amazing Spider-Man
79.9%
July 20, 2012
The Dark Knight Rises
79.9%
May 3, 2013
Iron Man 3
79.9%
June 3, 2011
X-Men: First Class
79.3%
April 4, 2014
Captain America: The Winter Soldier
79.3%
Release Date
Movie
% Correct
May 1, 2015
Avengers: Age of Ultron
79.3%
June 20, 2003
Hulk
78.7%
May 2, 2014
The Amazing Spider-Man 2
78.7%
June 13, 2008
The Incredible Hulk
78.2%
June 14, 2013
Man of Steel
78.2%
July 17, 2015
Ant-Man
77.6%
May 23, 2014
X-Men: Days of Future Past
77.6%
October 5, 1989
The Punisher
77%
April 16, 2004
The Punisher
77%
February 14, 2003
Daredevil
75.9%
August 1, 2014
Guardians of the Galaxy
75.9%
July 26, 2013
The Wolverine
75.3%
February 12, 2016
Deadpool
74.1%
November 4, 2016
Doctor Strange
74.1%
July 19, 1984
Supergirl
73.6%
July 8, 2005
Fantastic Four
73.6%
August 7, 2015
Fantastic Four
73.6%
May 27, 2016
X-Men: Apocalypse
73.6%
May 1, 2009
X-Men Origins: Wolverine
73%
June 28, 2006
Superman Returns
72.4%
June 2, 2017
Wonder Woman
72.4%
August 21, 1998
Blade
71.8%
January 14, 2005
Elektra
70.7%
June 15, 2007
Fantastic Four: Rise of the Silver Surfer
69.5%
March 22, 2002
Blade II
68.4%
June 17, 2011
Green Lantern
67.8%
February 19, 1982
Swamp Thing
66.7%
August 1, 1986
Howard the Duck
66.7%
December 8, 2004
Blade: Trinity
66.7%
March 6, 2009
Watchmen
66.1%
August 5, 2016
Suicide Squad
62.1%
Release Date
Movie
% Correct
February 16, 2007
Ghost Rider
60.3%
December 5, 2008
Punisher: War Zone
60.3%
February 17, 2012
Ghost Rider: Spirit of Vengeance
58%
August 15, 1997
Steel
54.6%
July 23, 2004
Catwoman
50.6%
April 2, 2004
Hellboy
49.4%
May 5, 2017
Guardians of the Galaxy Vol. 2
48.9%
March 30, 1990
Teenage Mutant Ninja Turtles
46.6%
August 8, 2014
Teenage Mutant Ninja Turtles
46.6%
July 11, 2008
Hellboy II: The Golden Army
46%
May 12, 1989
The Return of Swamp Thing
44.3%
March 22, 1991
Teenage Mutant Ninja Turtles II: Secret of the Ooze
42%
April 16, 2010
Kick-Ass
41.4%
June 18, 2010
Jonah Hex
40.2%
August 16, 2013
Kick-Ass 2
40.2%
March 19, 1993
Teenage Mutant Ninja Turtles III
38.5%
August 1, 1997
Spawn
36.8%
July 29, 1994
The Mask
35.6%
June 21, 1991
The Rocketeer
34.5%
November 7, 2014
Big Hero 6
33.9%
March 17, 2006
V for Vendetta
33.3%
December 25, 2008
The Spirit
29.9%
July 11, 2003
The League of Extraordinary Gentlemen
28.2%
January 14, 2011
The Green Hornet
27%
May 13, 1994
The Crow
25.9%
August 6, 1999
Mystery Men
25.9%
February 18, 2005
Constantine
25.3%
March 31, 1995
Tank Girl
24.7%
June 3, 2016
Teenage Mutant Ninja Turtles: Out of the Shadows
23%
June 30, 1995
Judge Dredd
22.4%
September 21, 2012
Dredd
19.5%
Quiz Playlist
Details
Report
Send in Message
Add To Playlist
Classic:
Type in answers that appear in a list
Last Updated: Feb 16, 2017
Quiz Scoreboard
CHALLENGE
Sign Up to Join the Scoreboard
Show All
Scores
Hide
Comments
May contain spoilers
Recently Published
Movies - When Are They Set?
by FPL_Elf
Movies
5m
Popular People in 1961
by mucciniale
History
6m
1-10 Letter E Words III
by El_Dandy
Language
2m
More to Explore
Quiz From the Vault
Featured Blog Post
Where Did the Easter Bunny Come From?
hide this ad
You Might Also Like...
Tags
Comic Books Quiz
Superhero Quiz
Superhero Movie
Today's Top Quizzes in Movies
Browse Movies
hide this ad
Today's Top Quizzes in Comic Books
Browse Comic Books
Top Contributed Quizzes in Movies
1
Multi-Oscar Nominations, One Movie, One Winner
2
12 Movies about Fictional 1960s Events
3
One Thing in Common: Movies
4
One Thing in Common: Movies II
5
Sunday Crossword: Film Score Composers
6
Three Word 'T' Movies Match Up
7
Three Word 'H' Movies Match Up
8
Three Word 'M' Movies Match Up
9
One Thing in Common: Oscars
10
Three Word 'P' Movies Match Up
Explore More
Trending Topics
Anime
Kpop
Disney
Crossword
Harry Potter
Marvel
NBA
Soccer
Song
Pokémon
Country
The Office
NFL
Puzzle
WWE
hide this ad
More By:
EFreak11
Quiz
Plays
Rating
Category
Featured
Created
Top 100 Most Popular DC Comics Characters
2,007
3.50
Entertainment
Nov 4, 2016
Batman Villains in Video Games
1,068
4.75
Gaming
Aug 19, 2017
Batman Rogues Gallery
1,009
4.25
Entertainment
Mar 7, 2016
Planets Seen or Visited in Star Wars: The Clone Wars
530
4.00
Television
Oct 2, 2017
X-Men Members
480
4.20
Literature
Mar 2, 2016
Go to Creator's Profile
Score Distribution
Quiz Creator Spotlight
EFreak11
Follow
Send a Message
Quizzes Created
-
Created Quiz Play Count
-
More By This Creator
Popular Quizzes Today
1
Find the US States - No Outlines Minefield
2
Find the Countries of Europe - No Outlines Minefield
3
The Countries of the World
4
Popular People in 1961
5
1-10 Letter E Words III
6
US States
7
Find the US States
8
One Thing in Common: World Cities II
More Movies Quizzes
Movies by 'Questionable Content' ΙΙ
Quiz Lab
Trending Quizzes
Risky Map Clicking: Least Populous States A-Z
1-10 Letter F Words
1-10 Letter G Words
One Thing in Common: United Kingdom
Risky Map Clicking: Next State Alphabetically
Recently Updated
Leaping Animals
pecheneg
Reality TV Shows (A-Z)
bhenderson79
Rickey Henderson's Hall of Fame Teammates
pecheneg
Champions League XIs: Arsenal
pecheneg
Quick Pick: Celebrities in WWE's Hall of Fame
aduchscher
A-Z Keypad Blitz II
pecheneg
Multiple Oscar Actors
pecheneg
Mystery Phrase Blitz: Oscar 'Best Actors'
pecheneg
F. Scott Fitzgerald Novels
LTH
Pick 3 Villains
ddd62291
Trending Topics
Marvel
Anime
Harry Potter
Kpop
Crossword
NBA
Disney
WWE
Soccer
Song
Country
Pokémon
NFL
The Office
Puzzle
Your Account Isn't Verified!
In order to create a playlist on Sporcle, you need to verify the email address you used during registration. Go to your
Sporcle Settings
to finish the process.
Report this User
Report this user for behavior that violates our
Community Guidelines
.
Details:
Send Report
Go to the Sporcle.com Mobile Site →
Comments